00682nam a2200181 450000500170000001000150001702000260003203500140005803700130007208200120008510000350009724501530013226000540028527000640033930000470040370000320045070000180048220220824114431.0 aENG-134589 c695.00a9781108416191 aEN-118121 bDBAD/PUB a338.954 aBarbosa, Alexandre de freitas  aGrowth and Inequality:bThe ContrastingTrajectories of India and Brazil/cAlexandre de freitas barbosa,maria cristina cacciamali and gerry rodgers  aUnited Kingdom bCambridge University Pressc2017 auniversity printing house, cambridge CB 2 8 BS,bCambridge  axxvi, 349p.bindex bibliography c22cm(hb) aCacciamali maria cristina  aRodgers Gerry